000 01884nam a2200457Ii 4500
001 DIGOLEJNK0016
003 NyNyDIG
006 m o d
007 cr |||||||||||
008 220530s2021 cl ob 000 0 spa d
035 _a(OCoLC)1335136115
040 _aDGITA
_beng
_erda
_epn
_cDGITA
020 _z9789564070506
043 _ae-it---
050 1 4 _aKJA2700 ebook
100 1 _aWenger, Leopold,
_d1874-1953,
_eauthor.
245 1 0 _aCompendio de derecho procesal civil romano /
_cLeopold Wenger ; edición al cuidado de Carlos Antonio Agurto Gonzáles, Sonia Lidia Quequejana Mamani, Benigno Choque Cuenca ; traducción de Leonardo Pietro-Castro.
264 1 _aSantiago, Chile :
_bEdiciones Olejnik,
_c[2021]
300 _a1 online resource.
336 _atext
_btxt
_2rdacontent
337 _acomputer
_bc
_2rdamedia
338 _aonline resource
_bcr
_2rdacarrier
347 _atext file
_2rdaft
347 _bPDF
490 1 _aBiblioteca de derecho romano
504 _aIncludes bibliographical references.
588 0 _aOnline resource; title from PDF title page (Digitalia, viewed May 30, 2022)
650 0 _aCivil procedure (Roman law)
655 0 _aElectronic books.
700 1 _aAgurto Gonzáles, Carlos Antonio,
_eeditor.
700 1 _aQuequejana Mamani, Sonia Lidia,
_eeditor.
700 1 _aChoque Cuenca, Benigno,
_eeditor.
700 1 _aPietro-Castro, Leonardo,
_etranslator.
791 2 _aDigitalia (Firm),
_edistributor.
793 0 _gDigitalia eBook Collection:
_aEdiciones Olejnik
776 0 8 _iPrint version:
_aWenger, Leopold, 1874-1953.
_tCompendio de derecho procesal civil romano.
_dSantiago, Chile : Ediciones Olejnik, 2021
_z9789564070506
830 0 _aBiblioteca de derecho romano.
856 4 0 _3Digitalia Hispánica
_uhttps://www.digitaliapublishing.com/a/104177/
910 _aPremium collection: 2022
942 _cRAA
999 _c270137
_d270137